00327nam a2200133Ia 4500008004100000020001500041041001200056082001100068100001200079245004000091260003300131300000800164650002100172221030s9999 xx 000 0 und d a8126506261 aEnglish a105.23 aD. Hook 0aBeginning Cryptography With Java TM bWiley IndiaaNew Delhic2005 a448 aCSE Career Award